[Event "Titled Tue 17th Jun Early"]
[Site "chess.com INT"]
[Date "2025.06.17"]
[Round "8"]
[White "Sitnic, Adnan"]
[Black "Omariev, Maksim"]
[Result "0-1"]
[WhiteTitle "CM"]
[BlackTitle "FM"]
[WhiteElo "2058"]
[BlackElo "2304"]
[WhiteFideId "14403854"]
[BlackFideId "4193423"]
[EventDate "2025.06.17"]

1. e4 c5 2. f4 d5 3. exd5 Nf6 4. Bb5+ Nbd7 5. c4 g6 6. Nf3 Bg7 7. Nc3 O-O 8. O-O
Nb6 9. d3 e6 10. dxe6 Bxe6 11. Ba4 Nxa4 12. Nxa4 Rc8 13. Be3 b6 14. h3 Re8 15.
Re1 Qd7 16. Nc3 Rcd8 17. Ne5 Qc8 18. Qe2 Nh5 19. Nf3 Ng3 20. Qf2 Nf5 21. Rad1
Nxe3 22. Rxe3 Bd4 23. Ne4 Bxe3 24. Nf6+ Kf8 25. Qxe3 Re7 26. Nxh7+ Kg7 27. Nhg5
Qc7 28. Qd2 Bf5 29. Qc3+ f6 30. Nh4 Qxf4 31. Nxf5+ Qxf5 32. Ne4 Rxe4 33. Rf1 Rf4
34. Rxf4 Qxf4 35. Qe1 Qe5 36. Qh4 Qd4+ 37. Qxd4 Rxd4 0-1

[Event "Titled Tue 17th Jun Early"]
[Site "chess.com INT"]
[Date "2025.06.17"]
[Round "8"]
[White "Galperin, Platon"]
[Black "Grandelius, Nils"]
[Result "0-1"]
[WhiteTitle "GM"]
[BlackTitle "GM"]
[WhiteElo "2500"]
[BlackElo "2643"]
[WhiteFideId "14165414"]
[BlackFideId "1710400"]
[EventDate "2025.06.17"]

1. c4 g6 2. d4 Bg7 3. g3 c5 4. dxc5 Qa5+ 5. Nc3 Bxc3+ 6. bxc3 Nf6 7. Bg2 Na6 8.
Nh3 Nxc5 9. O-O O-O 10. Nf4 d6 11. Be3 Bd7 12. Nd5 Nxd5 13. cxd5 Bf5 14. Bd4 Be4
15. Bxe4 Nxe4 16. Qd3 Qxd5 17. c4 Qc6 18. Rac1 b6 19. Qe3 e5 20. Bb2 f5 21. Ba3
f4 22. Qd3 Rad8 23. f3 Nc5 24. Qd2 Ne6 25. Rfd1 fxg3 26. hxg3 Nd4 27. Rf1 Nf5
28. Kg2 e4 29. Bb2 Rde8 30. Qc3 exf3+ 31. exf3 Re2+ 32. Kg1 Qc5+ 33. Kh1 Nxg3# 0-1

[Event "Titled Tue 17th Jun Early"]
[Site "chess.com INT"]
[Date "2025.06.17"]
[Round "8"]
[White "Winkels, Marcel"]
[Black "Zepeda Berlanga, Jan Enrique"]
[Result "1-0"]
[WhiteTitle "CM"]
[BlackTitle "CM"]
[WhiteElo "1905"]
[BlackElo "1984"]
[WhiteFideId "1003887"]
[BlackFideId "5132355"]
[EventDate "2025.06.17"]

1. e4 e5 2. d4 exd4 3. Qxd4 Nc6 4. Qa4 Nf6 5. Nc3 Bc5 6. Bd2 O-O 7. O-O-O Ng4 8.
Nh3 Nxf2 9. Nxf2 Bxf2 10. Bc4 Bd4 11. Rhf1 d6 12. Bd5 Bf6 13. Bxc6 bxc6 14. Qxc6
Bd7 15. Qc4 Rb8 16. b3 Be5 17. Bf4 Bxf4+ 18. Rxf4 Qg5 19. g3 a5 20. Rd5 Qh6 21.
Rxa5 Qxh2 22. Rg5 Be6 23. Qd4 f6 24. Rxf6 Qh1+ 25. Kb2 Rxf6 26. Qxf6 1-0

[Event "Titled Tue 17th Jun Early"]
[Site "chess.com INT"]
[Date "2025.06.17"]
[Round "8"]
[White "Cuellar Montes, Alejandro"]
[Black "Sethuraman, Roshan"]
[Result "1-0"]
[WhiteTitle "CM"]
[WhiteElo "2173"]
[BlackElo "2074"]
[WhiteFideId "32096836"]
[BlackFideId "30965250"]
[EventDate "2025.06.17"]

1. d4 Nf6 2. c4 e6 3. Nc3 Bb4 4. e3 O-O 5. Bd3 c5 6. Ne2 d5 7. a3 Bxc3+ 8. bxc3
Nc6 9. O-O b6 10. cxd5 exd5 11. a4 Bb7 12. Ba3 c4 13. Bc2 Re8 14. Ng3 a6 15. Qd2
Qc7 16. f3 Rad8 17. Rae1 b5 18. Qf2 Qa5 19. Qd2 Qc7 20. e4 g6 21. e5 Nd7 22. Bd6
Qb6 23. Kh1 Nf8 24. axb5 axb5 25. f4 f5 26. Ne2 Bc8 27. g4 Be6 28. gxf5 gxf5 29.
Ng3 Ng6 30. Bxf5 Bxf5 31. Nxf5 Qb7 32. Nh6+ Kh8 33. f5 Nh4 34. Qg5 Nf3 35. Rxf3
Rxd6 36. f6 Rde6 37. Rg1 Qc8 38. Qg7# 1-0

[Event "Titled Tue 17th Jun Early"]
[Site "chess.com INT"]
[Date "2025.06.17"]
[Round "8"]
[White "Negrean, Andrei"]
[Black "Zong, Davis"]
[Result "1-0"]
[WhiteTitle "FM"]
[BlackTitle "FM"]
[WhiteElo "2352"]
[BlackElo "2242"]
[WhiteFideId "1291513"]
[BlackFideId "30903955"]
[EventDate "2025.06.17"]

1. e4 e5 2. Nf3 Nc6 3. Nc3 Nf6 4. Bb5 Bb4 5. O-O O-O 6. d3 Bxc3 7. bxc3 d6 8.
Re1 Ne7 9. d4 c6 10. Bf1 Ng6 11. a4 a5 12. Ba3 Re8 13. g3 Be6 14. Rb1 b6 15.
dxe5 Nxe5 16. Nxe5 dxe5 17. Qxd8 Rexd8 18. Rxb6 Rd2 19. Bd3 Ng4 20. Rf1 f5 21.
Bc1 fxe4 22. Bxd2 exd3 23. cxd3 Bd5 24. f3 Nf6 25. c4 Bf7 26. Rxc6 Bg6 27. Rd6
Kf7 28. c5 Ke7 29. Rb1 Ra7 30. Rb5 Nd7 31. Bxa5 Nxc5 32. Rxg6 hxg6 33. Rxc5 Kd6
34. Rb5 Ra8 35. Kf2 Rc8 36. Ke3 Rc2 37. Bd2 Ra2 38. a5 g5 39. Rb6+ Kd5 40. Rg6
Ra1 41. Rxg5 Ra3 42. Rxg7 1-0

[Event "Titled Tue 17th Jun Early"]
[Site "chess.com INT"]
[Date "2025.06.17"]
[Round "8"]
[White "Kourkoulos-Arditis, Stamatis"]
[Black "Bortnyk, Olexandr"]
[Result "0-1"]
[WhiteTitle "GM"]
[BlackTitle "GM"]
[WhiteElo "2580"]
[BlackElo "2601"]
[WhiteFideId "4221990"]
[BlackFideId "14120828"]
[EventDate "2025.06.17"]

1. b3 d5 2. Bb2 Bf5 3. Nf3 e6 4. g3 h6 5. Bg2 Nf6 6. O-O Be7 7. d3 O-O 8. c4 a5
9. a3 c5 10. Ne5 Nc6 11. Nxc6 bxc6 12. Nd2 Bh7 13. Rc1 Qb6 14. a4 Nd7 15. e4 Bf6
16. Bxf6 Nxf6 17. e5 Nd7 18. Qe2 Rad8 19. f4 Nb8 20. Rfe1 Na6 21. Bf1 Nb4 22.
Qe3 Rd7 23. cxd5 Rxd5 24. Ne4 Bxe4 25. dxe4 Rd4 26. Qc3 c4 27. Kg2 Na2 28. Qe3
Nxc1 29. Rxc1 cxb3 30. Rb1 b2 31. f5 Rfd8 32. Be2 Qb4 33. fxe6 fxe6 34. Kh3 Rxe4 0-1

[Event "Titled Tue 17th Jun Early"]
[Site "chess.com INT"]
[Date "2025.06.17"]
[Round "8"]
[White "Laddha, Shubh Jayesh"]
[Black "Starozhilov, Leonid"]
[Result "1-0"]
[WhiteTitle "FM"]
[BlackTitle "FM"]
[WhiteElo "2303"]
[BlackElo "2240"]
[WhiteFideId "30942799"]
[BlackFideId "14106752"]
[EventDate "2025.06.17"]

1. e4 d6 2. d4 Nf6 3. Nc3 e5 4. Nge2 c6 5. g3 Be7 6. Bg2 b5 7. O-O b4 8. Na4 Ba6
9. a3 bxa3 10. b3 exd4 11. Bxa3 O-O 12. Re1 d3 13. cxd3 Nbd7 14. Nd4 Ne5 15. Nf5
c5 16. d4 Nd3 17. Re3 Nb4 18. Bxb4 cxb4 19. e5 dxe5 20. Bxa8 Qxa8 21. Nxe7+ Kh8
22. dxe5 Ng8 23. Nxg8 Kxg8 24. Nc5 Bb5 25. e6 Qc6 26. e7 Re8 27. Qd4 h5 28. Rxa7
h4 29. gxh4 Qg6+ 30. Kh1 Qb1+ 31. Kg2 Bc6+ 32. Ne4 Kh8 33. Qc4 1-0

[Event "Titled Tue 17th Jun Early"]
[Site "chess.com INT"]
[Date "2025.06.17"]
[Round "8"]
[White "Carroll, Thomas"]
[Black "Rogov, Matfey"]
[Result "0-1"]
[BlackTitle "FM"]
[WhiteElo "2131"]
[BlackElo "2348"]
[WhiteFideId "450111"]
[BlackFideId "44191308"]
[EventDate "2025.06.17"]

1. d4 d5 2. Nf3 Nc6 3. c4 Bg4 4. cxd5 Bxf3 5. gxf3 Qxd5 6. e3 e5 7. Nc3 Bb4 8.
Bd2 Bxc3 9. bxc3 Qd6 10. Rb1 b6 11. Bb5 Ne7 12. Rg1 O-O 13. f4 exf4 14. Qg4 Ng6
15. h4 fxe3 16. Bxe3 f5 17. Qg2 f4 18. Bxc6 fxe3 19. Bxa8 exf2+ 20. Kd2 fxg1=Q
21. Rxg1 Qf4+ 22. Kc2 Qxh4 23. Qd5+ Kh8 24. Bc6 Qf2+ 25. Kb3 Qxg1 26. Qd7 Qb1+
27. Ka3 Qc1+ 28. Kb3 Qf4 29. Bd5 Qd6 30. Qxd6 cxd6 31. Kb4 h5 32. Kb5 h4 33. Be4
Ne7 34. Ka6 h3 35. Kxa7 d5 36. Bh1 Rf6 37. a4 h2 38. Kb7 g5 39. c4 dxc4 40. d5
c3 41. d6 Rxd6 0-1

[Event "Titled Tue 17th Jun Early"]
[Site "chess.com INT"]
[Date "2025.06.17"]
[Round "8"]
[White "Stankovic, Boris"]
[Black "Essing, Arnold"]
[Result "1-0"]
[WhiteTitle "FM"]
[BlackTitle "FM"]
[WhiteElo "2298"]
[BlackElo "2197"]
[WhiteFideId "985317"]
[BlackFideId "4619862"]
[EventDate "2025.06.17"]

1. d4 d5 2. Nc3 Nf6 3. Bf4 Bf5 4. f3 c6 5. g4 Bg6 6. h4 h5 7. g5 Nfd7 8. e4 Nb6
9. Nh3 e6 10. Qd2 Bb4 11. Bg2 Nc4 12. Qc1 dxe4 13. O-O Qxd4+ 14. Kh2 exf3 15.
Rxf3 Bd6 16. Ne2 Bxf4+ 17. Nhxf4 Qxb2 18. Qxb2 Nxb2 19. Nxg6 fxg6 20. Rb1 Nc4
21. Rxb7 Nd7 22. Nd4 Nde5 23. Rc3 O-O 24. Nxe6 Rf2 25. Rxg7+ Kh8 26. Kg3 Re2 27.
Rc7 Re8 28. Nf4 Re3+ 29. Rxe3 Nxe3 30. Bxc6 Nf5+ 31. Kh3 Nxc6 32. Nxg6+ Kg8 33.
Rxc6 Re3+ 34. Kh2 Ra3 35. Nf4 Nxh4 36. Nxh5 Nf3+ 37. Kg2 Rxa2 38. Kxf3 1-0

[Event "Titled Tue 17th Jun Early"]
[Site "chess.com INT"]
[Date "2025.06.17"]
[Round "8"]
[White "Abdou Ahmed Alem"]
[Black "Swara Lakshmi S Nair"]
[Result "0-1"]
[WhiteTitle "CM"]
[BlackTitle "WCM"]
[WhiteElo "2002"]
[BlackElo "2187"]
[WhiteFideId "19603720"]
[BlackFideId "25629239"]
[EventDate "2025.06.17"]

1. d4 Nf6 2. Bf4 g6 3. e3 Bg7 4. Nf3 O-O 5. Be2 d6 6. O-O c5 7. c3 Nc6 8. h3 Re8
9. Bh2 Qb6 10. Na3 d5 11. Nb5 Rf8 12. Bc7 Qa6 13. dxc5 b6 14. Nd6 Qa5 15. b4 Qa3
16. Nb5 Qb2 17. cxb6 Ne4 18. bxa7 Ba6 19. a4 Bxb5 20. axb5 Nxc3 21. bxc6 Nxd1 0-1

[Event "Titled Tue 17th Jun Early"]
[Site "chess.com INT"]
[Date "2025.06.17"]
[Round "8"]
[White "Shandrygin, Nikita"]
[Black "Bharath, Subramaniyam H"]
[Result "0-1"]
[WhiteTitle "FM"]
[BlackTitle "GM"]
[WhiteElo "2209"]
[BlackElo "2558"]
[WhiteFideId "24198668"]
[BlackFideId "46634827"]
[EventDate "2025.06.17"]

1. Nf3 Nf6 2. g3 b6 3. d4 Bb7 4. Bg2 g6 5. O-O Bg7 6. c4 O-O 7. b3 e6 8. Bb2 d5
9. Ne5 Nbd7 10. Nc3 c6 11. f4 a5 12. Rc1 Rc8 13. e3 Ba6 14. Rf2 Nxe5 15. fxe5
Nd7 16. cxd5 cxd5 17. e4 dxe4 18. Nxe4 Bh6 19. Rxc8 Qxc8 20. Rc2 Qb8 21. Ba3 Rc8
22. Bd6 Rxc2 23. Qxc2 Be3+ 24. Kh1 Qc8 25. Qd1 Bb7 26. h3 Bxe4 27. Bxe4 Qc3 28.
d5 exd5 29. Bxd5 Nxe5 30. Bxe5 Qxe5 31. Bg2 Qxg3 32. Qf1 Bf4 33. Kg1 Qe3+ 34.
Kh1 Kg7 35. Qc4 Qg3 36. Qd4+ Be5 37. Qg1 b5 0-1

[Event "Titled Tue 17th Jun Early"]
[Site "chess.com INT"]
[Date "2025.06.17"]
[Round "8"]
[White "Askarov, Bakhtiyar"]
[Black "Gales, Randi-Ioan"]
[Result "1-0"]
[WhiteTitle "IM"]
[BlackTitle "CM"]
[WhiteElo "2297"]
[BlackElo "2243"]
[WhiteFideId "13701100"]
[BlackFideId "1285360"]
[EventDate "2025.06.17"]

1. Nf3 d5 2. c4 e6 3. g3 Nf6 4. Bg2 d4 5. O-O c5 6. e3 Be7 7. exd4 cxd4 8. d3
Nc6 9. a3 a5 10. Re1 Nd7 11. Bf4 O-O 12. h4 Nc5 13. Qc2 Bd6 14. Bxd6 Qxd6 15.
Nbd2 e5 16. Ng5 Bf5 17. Nde4 Nxe4 18. Nxe4 Qc7 19. c5 Be6 20. Nd6 Rfd8 21. Rac1
a4 22. Qd2 Na5 23. Qb4 Nb3 24. Nb5 Qe7 25. Rc2 Rac8 26. Nd6 Rxc5 27. Rxc5 Nxc5
28. Nxb7 Rc8 29. Rc1 Rb8 30. Qxc5 Rxb7 31. Qc8+ Bxc8 32. Rxc8+ Qf8 33. Bxb7 f5
34. Bd5+ 1-0

[Event "Titled Tue 17th Jun Early"]
[Site "chess.com INT"]
[Date "2025.06.17"]
[Round "8"]
[White "Fernandez Garcia, Gumersindo"]
[Black "Moreira, Ronaldo Alonso"]
[Result "1-0"]
[WhiteTitle "CM"]
[WhiteElo "2197"]
[BlackElo "2094"]
[WhiteFideId "24516740"]
[BlackFideId "2110547"]
[EventDate "2025.06.17"]

1. e4 e6 2. d4 d5 3. Bd3 c5 4. exd5 Qxd5 5. Nf3 cxd4 6. O-O Nc6 7. Nbd2 Nf6 8.
Nb3 Be7 9. Nbxd4 Nxd4 10. Nxd4 O-O 11. Be3 Bd7 12. c4 Qh5 13. Be2 Qa5 14. Bf3
Rab8 15. a3 Rfd8 16. b4 Qc7 17. Qe2 e5 18. Nb5 Bxb5 19. cxb5 e4 20. Bg4 Qe5 21.
Bh3 b6 22. Rad1 Rxd1 23. Rxd1 Rd8 24. g3 Rxd1+ 25. Qxd1 Qd6 26. Qc1 h6 27. Bg2
Kh7 28. h3 Kg8 29. Bf4 Qd3 30. Qc7 Bf8 31. Qxa7 Nd5 32. Qa8 Nxf4 33. gxf4 Qd1+
34. Kh2 Qd2 35. Qxe4 Bd6 36. Qe8+ Kh7 37. Be4+ g6 38. Qxf7+ Kh8 39. Qf6+ Kg8 40.
Qxg6+ Kf8 41. Qxh6+ Ke7 42. Qg7+ Ke8 43. Bc6+ 1-0

[Event "Titled Tue 17th Jun Early"]
[Site "chess.com INT"]
[Date "2025.06.17"]
[Round "8"]
[White "Petersen, Marcel"]
[Black "Tekeyev, Zaur"]
[Result "0-1"]
[WhiteTitle "CM"]
[BlackTitle "IM"]
[WhiteElo "2236"]
[BlackElo "2407"]
[WhiteFideId "12935670"]
[BlackFideId "4199731"]
[EventDate "2025.06.17"]

1. e4 e5 2. Bc4 Nf6 3. Nc3 Nc6 4. d3 Na5 5. Nf3 d6 6. O-O Be7 7. h3 O-O 8. Be3
c6 9. Bb3 Re8 10. Re1 Bf8 11. Ne2 d5 12. Ng3 Nxb3 13. axb3 c5 14. exd5 Nxd5 15.
Bd2 f6 16. Qe2 Bd7 17. Qe4 Bc6 18. Qh4 Ne7 19. Bc3 Bxf3 20. gxf3 Ng6 21. Qc4+
Kh8 22. Ne4 Nh4 23. Re3 f5 24. Nxc5 f4 25. Re4 Rc8 26. Kf1 Rxc5 27. Qb4 Qg5 0-1

[Event "Titled Tue 17th Jun Early"]
[Site "chess.com INT"]
[Date "2025.06.17"]
[Round "8"]
[White "Demchenko, Yaroslav"]
[Black "Demchenko, Svitlana"]
[Result "1-0"]
[WhiteTitle "CM"]
[BlackTitle "WIM"]
[WhiteElo "2263"]
[BlackElo "2135"]
[WhiteFideId "14186667"]
[BlackFideId "14149893"]
[EventDate "2025.06.17"]

1. Nf3 Nf6 2. b3 g6 3. Bb2 Bg7 4. d4 d6 5. e3 O-O 6. Be2 Nbd7 7. O-O e5 8. dxe5
Ng4 9. c4 Ngxe5 10. Nc3 Re8 11. Qd2 Nxf3+ 12. Bxf3 Ne5 13. Be2 Bf5 14. h3 Qh4
15. Nd5 Rac8 16. f4 Nd7 17. Bxg7 Kxg7 18. Bf3 c6 19. Nc3 Nf6 20. Rad1 Re6 21.
Qd4 Rce8 22. Rfe1 Qg3 23. Ne2 Qh4 24. Nc3 Qg3 25. e4 Bxh3 26. e5 dxe5 27. fxe5
Nh5 28. Re4 Qg5 29. Rde1 Bf5 30. Rh4 1-0

[Event "Titled Tue 17th Jun Early"]
[Site "chess.com INT"]
[Date "2025.06.17"]
[Round "8"]
[White "Ter-Sahakyan, Samvel"]
[Black "Jaiveer, Mahendru"]
[Result "1-0"]
[WhiteTitle "GM"]
[BlackTitle "FM"]
[WhiteElo "2611"]
[BlackElo "2217"]
[WhiteFideId "13302531"]
[BlackFideId "25611151"]
[EventDate "2025.06.17"]

1. d4 Nf6 2. c4 e6 3. Nc3 Bb4 4. g3 O-O 5. Bg2 d5 6. Nf3 c5 7. O-O Nc6 8. cxd5
exd5 9. Bg5 Bxc3 10. bxc3 h6 11. Bxf6 Qxf6 12. dxc5 Rd8 13. Nd4 Ne5 14. Qb3 Nc4
15. Rad1 Qe7 16. e4 Bg4 17. exd5 Qxc5 18. Rd3 Ne5 19. Rd2 Nc4 20. Rc2 Rab8 21.
Qb4 Qc7 22. Nb5 Qc8 23. Nxa7 Qc7 24. Nb5 Qc8 25. a4 Bf5 26. Rcc1 Ne5 27. Qd4 Ng6
28. c4 Bh3 29. Bxh3 Qxh3 30. c5 Ra8 31. d6 Nf8 32. Nc7 Ra5 33. Qb4 Ra7 34. Rfe1
Nd7 35. Re4 Nf6 36. Rf4 Nh5 37. Rh4 Qf5 38. Re1 Nf6 39. Rf4 Qg5 40. h4 Qh5 41.
Qd4 Rf8 42. Rxf6 gxf6 43. Nd5 1-0

[Event "Titled Tue 17th Jun Early"]
[Site "chess.com INT"]
[Date "2025.06.17"]
[Round "8"]
[White "Cherepov, Alexej"]
[Black "Kozak, Magdalena"]
[Result "1-0"]
[WhiteTitle "CM"]
[BlackTitle "WIM"]
[WhiteElo "2083"]
[BlackElo "2176"]
[WhiteFideId "13503650"]
[BlackFideId "1124757"]
[EventDate "2025.06.17"]

1. d4 Nf6 2. c4 e6 3. g3 Bb4+ 4. Nd2 d5 5. Bg2 c6 6. Qc2 O-O 7. Nf3 Ne4 8. O-O
f5 9. e3 Nd7 10. b3 Ndf6 11. Bb2 g5 12. Nxe4 Nxe4 13. Ne5 Be7 14. f3 Nd6 15. e4
Bd7 16. Nxd7 Qxd7 17. e5 Nf7 18. f4 g4 19. h3 h5 20. Kf2 Kg7 21. hxg4 hxg4 22.
Rh1 Rh8 23. cxd5 cxd5 24. Rxh8 Rxh8 25. Rc1 Qb5 26. Kg1 Bd8 27. Bf1 Qb4 28. Qc3
Qb6 29. Qc5 Re8 30. Ba3 Qxc5 31. Bxc5 b6 32. Ba3 Be7 33. Bb2 Bb4 34. Rc7 Re7 35.
Rc8 Bd2 36. Kf2 Nh6 37. a3 a5 38. Ke2 Bxf4 39. gxf4 g3 40. Kf3 Ng4 41. Bh3 Ne3
42. Kxe3 1-0

[Event "Titled Tue 17th Jun Early"]
[Site "chess.com INT"]
[Date "2025.06.17"]
[Round "8"]
[White "Gu, Xiaobing"]
[Black "Mesquita, Eduardo Barbosa"]
[Result "1-0"]
[WhiteTitle "WGM"]
[WhiteElo "2148"]
[BlackElo "2014"]
[WhiteFideId "8602611"]
[BlackFideId "22757163"]
[EventDate "2025.06.17"]

1. e4 c5 2. Nf3 d6 3. d4 cxd4 4. Nxd4 Nf6 5. Nc3 a6 6. Bg5 e6 7. f4 Nbd7 8. Qf3
Qc7 9. O-O-O b5 10. Bd3 Bb7 11. Rhe1 Be7 12. Kb1 O-O 13. a3 Rfe8 14. g4 Qb6 15.
Nb3 Rac8 16. Ne2 b4 17. a4 d5 18. e5 Ne4 19. Bxe7 Rxe7 20. Ned4 g6 21. Qe3 Ndc5
22. Nxc5 Qxc5 23. Nb3 Qc7 24. h4 Bc6 25. a5 Bb7 26. h5 Rd7 27. hxg6 hxg6 28. Rh1
d4 29. Qh3 Kf8 30. Bxe4 Ke7 31. Qh4+ Ke8 32. Qh8+ Ke7 33. Qf6+ Ke8 1-0

[Event "Titled Tue 17th Jun Early"]
[Site "chess.com INT"]
[Date "2025.06.17"]
[Round "8"]
[White "Zlatin, Alexander"]
[Black "Sasvatha A"]
[Result "1-0"]
[WhiteTitle "FM"]
[BlackTitle "WCM"]
[WhiteElo "2313"]
[BlackElo "1760"]
[WhiteFideId "2810549"]
[BlackFideId "45010862"]
[EventDate "2025.06.17"]

1. e4 c6 2. Nf3 d5 3. Nc3 a6 4. d4 Bg4 5. e5 e6 6. h3 Bh5 7. Bd3 Nd7 8. g4 Bg6
9. Ne2 Ne7 10. Nf4 c5 11. c3 Nc6 12. h4 Bxd3 13. Qxd3 cxd4 14. cxd4 Qb6 15. a3
Be7 16. g5 Qb5 17. h5 Qxd3 18. Nxd3 Rc8 19. Bd2 Nb6 20. b3 Nd7 21. Ke2 f6 22. h6
fxe5 23. hxg7 Rg8 24. dxe5 Rxg7 25. Nf4 Kf7 26. Rxh7 Ndxe5 27. Nxe5+ Nxe5 28.
Rxg7+ Kxg7 29. Nxe6+ Kf7 30. Nd4 Bc5 31. Rc1 Rc7 32. f4 Nd7 33. f5 Nb6 34. Ne6
Re7 35. Rxc5 Nd7 36. g6+ Kf6 37. Rxd5 Nf8 38. Bg5# 1-0

[Event "Titled Tue 17th Jun Early"]
[Site "chess.com INT"]
[Date "2025.06.17"]
[Round "8"]
[White "Craciun, Sasha-Matei"]
[Black "Plat, Vojtech"]
[Result "0-1"]
[WhiteTitle "FM"]
[BlackTitle "GM"]
[WhiteElo "2320"]
[BlackElo "2497"]
[WhiteFideId "1281186"]
[BlackFideId "325740"]
[EventDate "2025.06.17"]

1. e4 Nf6 2. e5 Ng8 3. Nf3 d6 4. exd6 cxd6 5. d4 Nf6 6. Bd3 g6 7. c4 Bg7 8. Nc3
O-O 9. Bg5 Nc6 10. Qd2 Bg4 11. Be2 d5 12. O-O-O Ne4 13. Qe3 Nxg5 14. Qxg5 Bxf3
15. Bxf3 dxc4 16. Bxc6 bxc6 17. h4 Rb8 18. h5 e6 19. Qd2 Qa5 20. hxg6 hxg6 21.
Qf4 Rfd8 22. Qh4 Qf5 23. Rh3 Bf6 24. Qh7+ Kf8 25. g3 Rxd4 26. Rxd4 Bxd4 27. Qh6+
Bg7 28. Qd2 Qxh3 29. Qd6+ Kg8 30. Qxb8+ Kh7 31. Ne4 Qf1+ 32. Kd2 Qd3+ 33. Kc1
Qxe4 0-1

[Event "Titled Tue 17th Jun Early"]
[Site "chess.com INT"]
[Date "2025.06.17"]
[Round "8"]
[White "Cori Quispe, Kevin Joel"]
[Black "Sarveshwaran V"]
[Result "1-0"]
[WhiteTitle "GM"]
[BlackTitle "CM"]
[WhiteElo "2464"]
[BlackElo "2290"]
[WhiteFideId "3814017"]
[BlackFideId "25699016"]
[EventDate "2025.06.17"]

1. e4 e6 2. d4 d5 3. Nc3 dxe4 4. Nxe4 Nd7 5. Nf3 Ngf6 6. Nxf6+ Nxf6 7. Ne5 Bd6
8. Bd3 O-O 9. O-O c5 10. c3 cxd4 11. cxd4 h5 12. Bg5 g6 13. Qf3 Kg7 14. Rad1 Be7
15. Rfe1 Nd5 16. Bd2 Bg5 17. Re4 Bxd2 18. Rxd2 Bd7 19. Qg3 Be8 20. Rh4 Rh8 21.
a3 Rc8 22. h3 Rc1+ 23. Kh2 Qa5 24. Nf3 f6 25. Re2 Qb6 26. Rhe4 Rc6 27. Nh4 g5
28. Nf3 h4 29. Nxh4 Bf7 30. Nf3 Qc7 31. Bb5 Qxg3+ 32. fxg3 Rb6 33. Bd7 Nc7 34.
d5 exd5 35. Re7 Rd6 36. Nd4 Kf8 37. Bf5 Ne8 38. Rxb7 Rd8 39. Ree7 Nd6 40. Rxa7
Be8 41. Ne6+ Kg8 42. Rg7# 1-0

[Event "Titled Tue 17th Jun Early"]
[Site "chess.com INT"]
[Date "2025.06.17"]
[Round "8"]
[White "Punin, Andrii"]
[Black "Alikulov, Elbek"]
[Result "0-1"]
[WhiteTitle "FM"]
[BlackTitle "IM"]
[WhiteElo "2289"]
[BlackElo "2305"]
[WhiteFideId "14112639"]
[BlackFideId "14203308"]
[EventDate "2025.06.17"]

1. e4 e6 2. d4 d5 3. exd5 exd5 4. Nf3 Nf6 5. Bd3 c5 6. c3 c4 7. Bc2 Bd6 8. Qe2+
Qe7 9. Qxe7+ Kxe7 10. Bg5 h6 11. Bh4 Re8 12. O-O Be6 13. Nbd2 Nd7 14. Rfe1 b5
15. Ne5 g5 16. Bg3 Bxe5 17. Bxe5 Nxe5 18. dxe5 Nd7 19. Nf3 Rec8 20. Nd4 Rab8 21.
g3 g4 22. Bf5 h5 23. h3 b4 24. hxg4 hxg4 25. Kg2 bxc3 26. bxc3 Rb2 27. Reb1 Rxb1
28. Rxb1 Nxe5 29. Rb7+ Kf6 30. Bxe6 fxe6 31. Rxa7 Nc6 32. Nxc6 Rxc6 33. a4 d4
34. Rd7 dxc3 35. Rd1 Ra6 36. Rc1 Rxa4 37. Rxc3 Ke5 38. f4+ Kd4 39. Rc1 c3 40.
Kf2 Ra2+ 41. Ke1 Kd3 42. Rd1+ Rd2 43. Ra1 Rh2 44. Ra6 c2 45. Rd6+ Kc4 46. Rc6+
Kd5 47. Rc8 Ke4 48. Rc3 Rh1+ 49. Kd2 c1=Q+ 50. Rxc1 Rxc1 51. Kxc1 Kf3 52. f5
exf5 0-1

[Event "Titled Tue 17th Jun Early"]
[Site "chess.com INT"]
[Date "2025.06.17"]
[Round "8"]
[White "Paravyan, David"]
[Black "Caruana, Fabiano"]
[Result "0-1"]
[WhiteTitle "GM"]
[BlackTitle "GM"]
[WhiteElo "2589"]
[BlackElo "2777"]
[WhiteFideId "4194985"]
[BlackFideId "2020009"]
[EventDate "2025.06.17"]

1. c4 e5 2. g3 d5 3. cxd5 Qxd5 4. Nf3 Nc6 5. Nc3 Qd8 6. Bg2 Nf6 7. O-O Bd6 8. d3
h6 9. a3 a5 10. Be3 O-O 11. Rc1 Be6 12. d4 exd4 13. Nxd4 Nxd4 14. Bxd4 c6 15.
Bxf6 gxf6 16. e3 f5 17. Ne2 Be5 18. Nd4 Bxd4 19. exd4 Qf6 20. Qd3 Rad8 21. Qc3
a4 22. Qb4 Rd7 23. d5 cxd5 24. Qxa4 Qxb2 25. Qf4 Qf6 26. Rfd1 d4 27. Rb1 Rfd8
28. Rxb7 Rxb7 29. Bxb7 d3 30. Qe3 Bc4 31. Bf3 d2 32. Rxd2 Qa1+ 33. Bd1 Rxd2 34.
Qxd2 Bb3 35. Qxh6 Qxd1+ 36. Kg2 Bd5+ 37. Kh3 Qg4# 0-1

[Event "Titled Tue 17th Jun Early"]
[Site "chess.com INT"]
[Date "2025.06.17"]
[Round "8"]
[White "Raptis, Nick"]
[Black "Yonal, Timur"]
[Result "0-1"]
[WhiteTitle "FM"]
[BlackTitle "FM"]
[WhiteElo "2220"]
[BlackElo "2170"]
[WhiteFideId "2016850"]
[BlackFideId "44115725"]
[EventDate "2025.06.17"]

1. d4 Nf6 2. Nc3 d5 3. Bg5 e6 4. e4 dxe4 5. Nxe4 Be7 6. Bxf6 Bxf6 7. Nf3 O-O 8.
Bd3 b6 9. Qe2 Bb7 10. O-O-O Nc6 11. g4 Nb4 12. g5 Be7 13. Rhg1 Nxd3+ 14. Rxd3
Ba6 15. Ne5 Bxd3 16. Qxd3 c5 17. Nc6 Qc7 18. Nxe7+ Kh8 19. Qf3 Qxe7 20. Nf6 gxf6
21. gxf6 Qd6 22. Rg7 Qxh2 23. dxc5 Rad8 24. b3 bxc5 25. Kb2 Rd5 26. Qg4 Qe5+ 27.
Ka3 Qxf6 28. c4 Qxg7 29. Qf4 Rd4 30. Qc7 Rd2 31. Qxc5 Qb2+ 32. Ka4 Qxa2+ 33. Kb5
Rb8+ 34. Kc6 Qa6+ 35. Kc7 Qc8# 0-1